L.D. Things Quiz Stats

 Plays Quiz Updated Feb 25, 2019

Score 0/23 Timer 06:00
0 Plays Today
Hint Answer % Correct
U.S. holiday observed on the first Monday in SeptemberLabor Day
94.4%
Star of 'Titanic' and 'Inception'Leonardo DiCaprio
90.1%
Another name for a polygraph, just ask Gaylord FockerLie Detector
86.3%
Choreographed sequence of steps for a group of people in rows...think 'Electric Slide'Line Dance
76%
Bacterial infection spread most commonly by ticksLyme Disease
72.7%
Co-creator of 'Seinfeld' and star of 'Curb Your Enthusiasm'Larry David
70.5%
In baseball, a sharply hit batted ball on (or slightly above) a level trajectoryLine Drive
69.3%
In math, a procedure for breaking down complex multidigit numbers to determine the quotientLong Division
67.8%
Probabalistic (tampered) cubes that are forbidden from use in casinosLoaded Dice
66.2%
Common name for a set of stars found within Ursa MinorLittle Dipper
63.3%
Not so choreographed sequence of steps for a person sitting in a chair and tipping singlesLap Dance
54.7%
Cookie and cake-based dessert snacks from McKee FoodsLittle Debbie
53.3%
Hint Answer % Correct
Elected official who is approaching the end of his or her tenure, or a British SitcomLame Duck
44.4%
Difference in the brain (such as dyslexia) that affects how information is received and processedLearning Disability
43.2%
A sugary citrus drink with vodka or a throat lozengeLemon Drop
40.5%
Term referring to the end of the world, also a 2005 Gus Van Sant movieLast Days
37.3%
Actress from 'Blue Velvet', 'Rambling Rose' and 'Jurassic Park'Laura Dern
35.1%
1985 Pulitzer Prize-winning western novel written by Larry McMurtryLonesome Dove
25.5%
Former All-Star Center fielder for the Mets and PhilliesLenny Dykstra
23.4%
The first James Bond movie to star Timothy Dalton(The) Living Daylights
21%
1983 single and album from David BowieLet's Dance
19.5%
She was Shirley Feeney's roommate in this 'Happy Days' spinoffLaverne DeFazio
16%
Radio personality and former CNN talk show hostLou Dobbs
15.3%

You're not logged in!

Compare scores with friends on all Sporcle quizzes.
OR
Log In

Sporcle TV

Today on Sporcle TV


Watch our educational content, quiz creation guides, and fun videos on Sporcle TV.

Show Comments

Extras

Top Quizzes Today


Score Distribution

Your Account Isn't Verified!

In order to create a playlist on Sporcle, you need to verify the email address you used during registration. Go to your Sporcle Settings to finish the process.

Report this User

Report this user for behavior that violates our Community Guidelines.

Details: